| 000 | 00918nam a22003017a 4500 | ||
|---|---|---|---|
| 003 | CHAP | ||
| 005 | 20220817042202.0 | ||
| 008 | 971013s1967 r 00010 d | ||
| 010 | _a37086 | ||
| 011 | _a38058 | ||
| 035 | _a42178 | ||
| 040 | _cCHAP | ||
| 082 |
_a368.23 _bF3 |
||
| 110 | _aFAO | ||
| 245 | _aEstudio sobre los sistemas de seguros mutuos para embarcaciones y arte de pesca | ||
| 260 |
_aRoma : _bFAO, _c1967 |
||
| 300 | _a131 p. | ||
| 490 |
_aFAO. Estudios sobre pesca _v; 12 |
||
| 590 |
_aBATCH-UPD _b10 _c20130110 _lUCH01 _h1637 |
||
| 590 |
_aCONVERSION _b10 _c20130109 _lUCH01 _h1321 |
||
| 650 | 1 | 4 |
_aPesca _xEmbarcaciones. _987376 |
| 700 | 0 |
_aTheodore, Chris A. _9112751 |
|
| 830 | 0 |
_aFAO. Estudios sobre pesca _v; 12 _939553 |
|
| 901 | _aBK | ||
| 942 | _cLIBRO | ||
| 949 |
_a368.23 F3 _bBC _cFAO _d-97180 _eFAO1 _h12249 _i42178 _si |
||
| 949 |
_a368.23 F3 _bBC _cFAO _d-97182 _eFAO2 _fc.2 _h12250 _i42178 _si |
||
| 999 |
_c37086 _d37086 |
||